00647nam a2200193 i 450000100060000000300090000600500170001500700030003200800410003508000240007608000170010010000360011724501130015326000780026630000260034461000350037085200240040585200240042910678ES-MaACL20231011170403.0t|951004s1993 sp a |||| | spa d a061.21(464.1)Ateneo a027.2(464.1)1 aAlbo Álvarez, María José.13aLa Biblioteca del Ateneo de Madrid b: (un recorrido por su historia) / cpor María José Albo Álvarez. aPinoso, Alicante : bUniversidad Popular Enrique Tierno Galván,c[1993] aP. 509-561 ; c24 cm.24aAteneo de Madrid. bBiblioteca aES-MaACLj2142-F-39 aES-MaACLj2142-F-40